000
00326pab a2200145 454500
008
180718b1984 xxu||||| |||| 00| 0 eng d
100
_a
Streeton, Paul
245
_a
Basic needs and human rights
260
_c
1984
300
_a
10-12
362
_a
June
650
_a
Civil Liberties
773
_a
Development
909
_a
5647
999
_c
5647
_d
5647